000
00253nam a2200097Ia 4500
001
643342
005
20250826153544.0
008
250824s9999 xx 000 0 und d
245
0
_a
BİR DELİNİN SINAV GÜNLÜĞÜ
_c
ERCAN HARMANCI
260
_b
GENÇ TİMAŞ
999
_c
643342
_d
643342